00318nam a2200109Ia 4500003000400000008004100004100002400045245008400069260003100153300000900184650001500193OSt191201s2015 xx 000 0 und d aGARG, Santosh Kumar 0aEnvironmental Engineering (Vol 2) Sewage Disposal and Air Pollution Engineering aN. DelhibKhanna pubc2015 a1069 aB.Tech(CE)